Influencia de la cal en la resistencia a compresion de morteros
Salvato in:
| Autore principale: | |
|---|---|
| Natura: | Libro |
| Pubblicazione: |
[San José , Costa Rica]
1995
|
| Soggetti: | |
| Tags: |
Aggiungi Tag
Nessun Tag, puoi essere il primo ad aggiungerne!!
|
MARC
| LEADER | 00000nam a2200000Ia 4500 | ||
|---|---|---|---|
| 003 | 007689 | ||
| 005 | 20221231144253.0 | ||
| 008 | 140114s1995 cr a m 000 ||s d | ||
| 040 | |c cru CEDI | ||
| 090 | |a TFG 3292 | ||
| 100 | |a Muñoz Vieto, Javier |9 10682 | ||
| 245 | |a Influencia de la cal en la resistencia a compresion de morteros | ||
| 260 | |c 1995 |a [San José , Costa Rica] | ||
| 300 | |a x, 75 hojas : ilustraciones | ||
| 500 | |a Proyecto de graduacion (licenciatura en ingenieria civil)--Universidad de Costa Rica. Facultad de Ingeniería. Escuela de Ingenieria Civil | ||
| 650 | |x ARGAMASA |x CAL |9 10683 | ||
| 942 | |c TFG | ||
| 999 | |c 19372 |d 19372 | ||
